Movies By 1 Actor and 1 Actress - Frances McDormand Edition - Statistics

General Stats
  • This quiz has been taken 6 times
  • The average score is 18 of 26
Answer Stats
Cast Movie % Correct
David Strathairn, Linda May Nomadland
100%
Sam Rockwell, Abbie Cornish Three Billboards Outside Ebbing, Missouri
100%
George Clooney, Elizabeth Marvel Burn After Reading
83%
William H. Macy, Kristin Rudrud Fargo
83%
Josh Brolin, Scarlett Johansson Hail, Caesar!
83%
Ben Stiller, Jada Pinkett Smith Madagascar 3: Europe's Most Wanted
83%
Bruce Willis, Tilda Swinton Moonrise Kingdom
83%
Nicolas Cage, Holly Hunter Raising Arizona
83%
Jack Nicholson, Diane Keaton Something's Gotta Give
83%
Benicio del Toro, Kate Winslet The French Dispatch
83%
Anna Paquin, Jeffrey Wright The Good Dinosaur
83%
Jennifer Aniston, Jason Isaacs Friends with Money
67%
Gene Hackman, Park Overall Mississippi Burning
67%
Charlize Theron, Sean Bean North Country
67%
Richard Gere, Laura Linney Primal Fear
67%
Matt Damon, Rosemarie Dewitt Promised Land
67%
Denzel Washington, Nancy Daly The Tragedy of Macbeth
67%
Shia LaBeouf, Julia White Transformers: Dark of the Moon
67%
Rooney Mara, Ben Whishaw Women Talking
67%
John Getz, Raquel Gavia Blood Simple
50%
Robert De Niro, Eliza Dushku City By the Sea
50%
Liam Neeson, Jenny Agutter Darkman
50%
Tim Curry, Pamela Reed Passed Away
50%
Demi Moore, Jeff Daniels The Butcher's Wife
50%
Michael Douglas, Katie Holmes Wonder Boys
50%
Patricia Arquette, Jit Murad Beyond Rangoon
33%
No matching quizzes found
Score Distribution
Percent of People with Each Score
Percentile by Number Answered
Your Score History
You have not taken this quiz